| 000 | 00646nam a22001937a 4500 | ||
|---|---|---|---|
| 999 |
_c58892 _d58892 |
||
| 005 | 20221017115659.0 | ||
| 008 | 221017s2012ge xxu||||| |||| 00| 0 ger d | ||
| 020 | _a 9783050059136 | ||
| 041 | _ager | ||
| 080 | _a821.112.2 S-58 | ||
| 100 |
_a Sieburg, Heinz. _915329 |
||
| 245 |
_aLiteratur des Mittelalters : _cHeinz Sieburg. _b2.,aktualisierte Auflage / |
||
| 264 |
_aBerlin : _bAkademie Verlag, _c2012. |
||
| 300 |
_a252 p.; _b23 cm. |
||
| 440 |
_a Akademie Studienbücher - Literaturwissenschaft _915330 |
||
| 653 | _a Literatur des Mittelalters | ||
| 653 | _aგერმანული ლიტერატურა | ||
| 942 |
_2udc _cBK |
||